The fate of early memories : developmental science and the retention of childhood experiences /

This book examines how early experiences, at least traumatic ones, can exert their influence on later adult behavior and do exist in memory regardless of whether they can be recalled. This hypothesis is examined in light of current evidence. In this sense, this book is not so much about the acquisit...

Full description

Bibliographic Details
Main Author: Howe, Mark L.
Corporate Author: American Psychological Association
Format: eBook
Language:English
Published: Washington, D.C. : American Psychological Ass, [2000]
Edition:1st ed.
Subjects:
Online Access:Connect to the full text of this electronic book

MARC

Tag First Indicator Second Indicator Subfields
LEADER 00000cam a2200000Ma 4500
001 in00003517954
005 20190407115405.0
006 m o d
007 cr cnu---uuuuu
008 990730s2000 dcu ob 001 0 eng d
010 |a  99043252  
015 |a GBA0-33570 
019 |a 222556343  |a 605249937  |a 656837059  |a 671943896 
020 |z 1557986282 (cloth : alk. paper) 
020 |z 9781557986283 (cloth : alk. paper) 
035 |a (OCoLC)ocm78679617 
035 |a (OCoLC)78679617  |z (OCoLC)222556343  |z (OCoLC)605249937  |z (OCoLC)656837059  |z (OCoLC)671943896 
040 |a CtY-M  |b eng  |c YUS  |d UBC  |d U5D  |d VLB  |d AU@  |d AZK  |d OCLCQ  |d OCLCF  |d UtOrBLW 
049 |a TXAM 
050 0 4 |a BF378.E17  |b H69 2000 
060 0 4 |a 2000 B-768 
060 1 4 |a WS 105.5.M2  |b H857f 2000 
082 0 4 |a 153.1/2  |2 21 
100 1 |a Howe, Mark L. 
245 1 4 |a The fate of early memories :  |b developmental science and the retention of childhood experiences /  |c Mark L. Howe. 
250 |a 1st ed. 
264 1 |a Washington, D.C. :  |b American Psychological Ass,  |c [2000] 
264 4 |c ©2000 
300 |a 1 online resource (xvii, 219 pages)  
336 |a text  |b txt  |2 rdacontent 
337 |a computer  |b c  |2 rdamedia 
338 |a online resource  |b cr  |2 rdacarrier 
538 |a Mode of access: world wide web. 
550 |a Made available through: American Psychological Association's PsyBooks Collection. 
504 |a Includes bibliographical references (page 1630198) and indexes. 
505 0 |a Overview of developments in systems related to early memory -- Memory development from birth to 2 years of age -- Memory development during the preschool years -- Long-term retention of emotional, traumatic, and other distinctive events -- Development of autobiographical memory -- Consciousness, memory, and development -- Problems in the measurement of long-term retention and its development -- Conclusions, specualtions, and unfinished business -- Appendix: Trace integrity framework -- Appendix B: Scaling and measurement issues. 
520 |a This book examines how early experiences, at least traumatic ones, can exert their influence on later adult behavior and do exist in memory regardless of whether they can be recalled. This hypothesis is examined in light of current evidence. In this sense, this book is not so much about the acquisition of memories, although this, too, is essential to any interpretation of how well memories are retained. Rather, this book is about the development of the survival of memories in long-term storage and their subsequent recollection. The author considers the neurobiology of stress, the complex role of stress in storing and retrieving memories of traumatic and nontraumatic experiences, and the individual differences that moderate the impact of stress on memory.-/// In this book, the author tries to present a balanced perspective of what the data indicate, leaving much of the theoretical speculation until the final chapter. What is known about memory development from a developmental neuroscience perspective is reviewed. Some of the changes in sensation, perception, attention, and motor skills that directly or indirectly affect memory are summarized. (PsycINFO Database Record (c) 2004 APA, all rights reserved). 
500 |a Electronic resource. 
650 0 |a Early memories. 
650 0 |a Memory in children. 
650 1 2 |a Memory. 
650 2 2 |a Child Development. 
650 2 2 |a Child. 
650 2 2 |a Retention (Psychology) 
650 7 |a Early memories.  |2 fast  |0 (OCoLC)fst00900644 
650 7 |a Memory in children.  |2 fast  |0 (OCoLC)fst01015960 
655 7 |a Electronic books.  |2 local 
710 2 |a American Psychological Association. 
730 0 |a PsycBOOKs. 
776 1 |a Howe, Mark L.  |t Fate of early memores (print)  |w (DLC) 99043252  |w (OCoLC)42080248 
856 4 0 |u http://proxy.library.tamu.edu/login?url=http://search.ebscohost.com/direct.asp?db=pzh&jid=200007033&scope=site  |z Connect to the full text of this electronic book  |t 0 
994 |a 92  |b TXA 
999 |a MARS 
999 f f |s 5939a361-1533-3192-8ca2-c7eccb2ec798  |i 53b81d81-eb2f-32eb-8d48-5dc9f1d566fb  |t 0 
952 f f |a Texas A&M University  |b College Station  |c Electronic Resources  |d Available Online  |t 0  |e BF378.E17 H69 2000  |h Library of Congress classification 
998 f f |a BF378.E17 H69 2000  |t 0  |l Available Online